00461nam a2200133Ia 4500008004100000082001500041100003400056245013500090260003900225300001500264520001100279650001800290700001900308230907s9999||||xx |||||||||||||| ||und|| a621.3bTAL aTalha Bin Tahir (00000317536) 0aBoundary Layer Ingestion Fan Stage Internal Flow Analysis and Characterization of Secondary Flow Topography in the Blade Channel / aUSPCAS-E, NUST,bIslamabad :c2021 axii, 56 p. aTH-309 aMS-TEE Thesis aDr Adeel Javed